000 00636nam a22002297a 4500
005 20251108173647.0
008 250721s2006 xx 000 0 eng d
020 _a9957085107
082 1 4 _aJ/372.21/LIT
100 1 _aHaddadin, Dina
_eIllus.
245 1 4 _aThe Little Artists /
246 1 1 _aالرسامون الصغار
264 1 _aAmman :
_bDar al-Manhal,
_c2006.
300 _a12P.
490 0 _areader club
_v4
650 1 7 _aLEARNING
650 1 7 _aCHILDREN
653 _aأطفال ما قبل المدرسو(0-5)سنوات
710 2 _aREADING SKILLS DEVELOPMENT COMMITTEE
942 _2ddc
_cBK
999 _c109318
_d109318